01066nas a2200241Ia 4500001001100000003000900011008004100020040001300061040001300074041001300087100003800100210003900138222003900177245011700216250001100333260004800344501008600392300001000478310001200488362002600500500026000526650003800786R950/97440IT-RoPAU151124c99999999xx |||||||||||| ||und|| aIT-RoPAU cIT-RoPAU aITALIANO aAA.VV. gCodice Aut. SPICS: 12000 aVITA IN CRISTO E NELLA CHIESA (LA) aVita In Cristo E Nella Chiesa (La) aVITA IN CRISTO E NELLA CHIESA (LA), ANNO 36-N.01 (1987)bVita In Cristo E Nella Chiesa (La), Anno 36-N.01 (1987) a1a ed. aROMAbPIE DISCEPOLE DEL DIVIN MAESTROc1987 bPaulus - SPICS - Società San Paolo EM (non-commercial uses only)cCopyright2015 a30 p. aMENSILE aANNO 036, N.01 (1987) aMistero di Cristo e della Chiesa nel Mese di Gennaio. Catechisi per una Chiesa Missionaria. Convegno di Liturgia Pastorale: i Laici nella Liturgia. Chiese Locali Attorno All'Eucaristia, la Chiesa di Bologna Verso il Congresso Eucaristico Diocesano. Settim aLITURGIAvPUBBLICAZIONE PERIODICA